Online
Catalog

Puerto Rico : (Record no. 35640)

MARC details
000 -CABECERA
campo de control de longitud fija 00615nam a2200181 u 4500
001 - NÚMERO DE CONTROL
campo de control 000036149
005 - FECHA Y HORA DE LA ÚLTIMA TRANSACCIÓN
campo de control 20200930074923.0
008 - DATOS DE LONGITUD FIJA--INFORMACIÓN GENERAL
campo de control de longitud fija 111220s1979 pr r 000 0 spa d
040 ## - FUENTE DE LA CATALOGACIÓN
Centro catalogador/agencia de origen DO-SdBNP
Lengua de catalogación spa
Centro/agencia transcriptor BNPHU
082 ## - NÚMERO DE LA CLASIFICACIÓN DECIMAL DEWEY
Número de clasificación xxxx
Número de documento/Ítem xxxx
049 ## - FONDOS LOCALES (OCLC)
Fondos de biblioteca BNPD
245 00 - MENCIÓN DE TÍTULO
Título Puerto Rico :
Resto del título identidad nacional y clases sociales /
Mención de responsabilidad, etc. Ángel G. Quintero Rivera...[et.al].
260 ## - PUBLICACIÓN, DISTRIBUCIÓN, ETC.
Lugar de publicación, distribución, etc. Rio Piedras :
Nombre del editor, distribuidor, etc. Ediciones Huracán,
Fecha de publicación, distribución, etc. 1979.
300 ## - DESCRIPCIÓN FÍSICA
Extensión 146 p. ;
Dimensiones 22 cm.
500 ## - NOTA GENERAL
Nota general Coloquio de princeton
590 ## - NOTA LOCAL (RLIN)
Nota local Perteneció a la bibliteca personal de Juan Isidro Jimenes Grullón
700 1# - PUNTO DE ACCESO ADICIONAL--NOMBRE DE PERSONA
Nombre de persona Quintero Rivera, Ángel G.
9 (RLIN) 62186

No items available.

Powered by Koha